| 000 | 00376 a2200109 4500 | ||
|---|---|---|---|
| 001 | ART_58828 | ||
| 005 | 20260410161958.0 | ||
| 008 | 260409a | ||
| 245 | 1 | 0 | _aMoneda e inflación: perspectivas jurídicas de un proceso histórico recurrente |
| 100 | 1 | _aArduino, Augusto H.L. | |
| 773 | 0 |
_tTemas de derecho comercial _g- Año 9, N° 7 (jul. 2023) _wREV28151 |
|
| 999 |
_c31021 _d31021 |
||